Why Architects Matter : Evidencing and Communicating the Value of Architects /

Salvato in:
Dettagli Bibliografici
Autore principale: Samuel, Flora (Autore)
Natura: Libro
Lingua:inglese
Pubblicazione: Abingdon : Routledge, 2018
New York : 2018
Edizione:1. vydanie
Soggetti:
Tags: Aggiungi Tag
Nessun Tag, puoi essere il primo ad aggiungerne!!

MARC

LEADER 00000nam a22000003a 4500
001 0087303
003 SK-STU
005 20210224174652.7
007 ta
008 210224s ----xo-----e------000-0-----d
020 |a 978-1-138-78393-5 
040 |a STU  |b slo 
041 0 |a eng 
044 |a xxu  |a xxk 
100 1 |a Samuel, Flora  |4 aut  |r Z6 
245 1 0 |a Why Architects Matter :  |b Evidencing and Communicating the Value of Architects /  |c aut. Flora Samuel 
250 |a 1. vydanie 
260 |a Abingdon :  |b Routledge,  |c 2018 
260 |a New York :  |b Routledge,  |c 2018 
300 |a 252 s. 
650 0 7 |a architekti 
650 0 7 |a architektonické dielo 
650 0 7 |a architektonická výučba 
650 0 7 |a hodnota 
650 0 7 |a architektonický výskum 
996 |b 284AU08574  |c A* 11838/U  |l AAKNST  |s P  |a 0  |w 0087303_0001